000 00356nam a22001457a 4500
008 210302b ||||| |||| 00| 0 eng d
020 _a9780195116359
041 _aeng
080 _a611.085
082 _a611.085
100 _a9
101 _aHIS
245 _aGreater Gotham A history on New York City from 1898 to 1919
_cWallace. M
942 _2udc
_cBK
999 _c55427
_d55427